Statistieken voor Landen van de Wereld met een Lege Kaart

Klik hier om de quiz te nemen!

Algemene statistieken

  • Deze quiz is 7.266 keer genomen
  • De gemiddelde score is 148 van 196

Antwoorden op de kaart

Antwoorden kleurgecodeerd door een groen-rode schaal op de quizkaart volgens % correct hieronder.
Laden...
 

Antwoordstatistieken

Land% Correct
Rusland
96%
Canada
96%
Verenigde Staten
95%
Frankrijk
95%
Nederland
95%
China
95%
België
95%
Duitsland
95%
Brazilië
94%
Mexico
94%
Spanje
94%
Italië
93%
Noorwegen
93%
Australië
93%
Polen
93%
Zweden
93%
Portugal
92%
Oostenrijk
92%
Zwitserland
92%
Finland
92%
Zuid-Afrika
92%
Argentinië
92%
Egypte
91%
Belarus
91%
India
91%
Mongolië
90%
Denemarken
90%
Marokko
90%
Turkije
90%
Luxemburg
90%
Japan
90%
Chili
90%
Oekraïne
90%
Iran
89%
Irak
89%
Indonesië
89%
Tsjechië
88%
Hongarije
88%
Letland
88%
Estland
87%
Peru
87%
Griekenland
87%
Colombia
87%
Verenigd Koninkrijk
87%
Nieuw-Zeeland
87%
Democratische Republiek Congo
86%
Kazachstan
86%
Slowakije
86%
Niger
86%
Zuid-Korea
86%
Bulgarije
86%
Noord-Korea
86%
Republiek Congo
86%
Litouwen
86%
Venezuela
85%
Kroatië
85%
Algerije
85%
Suriname
85%
Roemenië
85%
Bolivia
85%
Uruguay
84%
Slovenië
84%
Nigeria
84%
Saoedi-Arabië
84%
Libië
83%
Thailand
83%
Pakistan
83%
Paraguay
83%
Afghanistan
83%
Andorra
83%
Servië
82%
Bosnië
en Herzegovina
82%
Panama
81%
Albanië
81%
Israël
81%
Ierland
80%
Cuba
80%
Nepal
80%
IJsland
80%
Vietnam
80%
Soedan
80%
Jemen
80%
Liechtenstein
79%
Kosovo
79%
Madagaskar
79%
Vaticaanstad
79%
Tunesië
78%
Ecuador
78%
Syrië
78%
Malta
78%
Mali
78%
Noord-Macedonië
78%
Ethiopië
77%
Ivoorkust
76%
Zuid-Soedan
76%
Montenegro
76%
Turkmenistan
76%
Kenia
76%
Moldavië
76%
Monaco
76%
Honduras
76%
Laos
75%
Oman
75%
San Marino
75%
Cyprus
75%
Somalië
74%
Zimbabwe
74%
Oezbekistan
74%
Georgië
74%
Namibië
74%
Costa Rica
73%
Senegal
73%
Armenië
73%
Ghana
73%
Angola
72%
Zambia
72%
Filipijnen
72%
Haïti
72%
Tanzania
72%
Cambodja
72%
Tsjaad
72%
Botswana
71%
Jordanië
71%
Sri Lanka
71%
Verenigde Arabische
Emiraten
71%
Azerbeidzjan
71%
Myanmar
71%
Bangladesh
71%
Dominica
70%
Mozambique
70%
Maleisië
70%
Taiwan
70%
Guyana
70%
Kameroen
70%
Centraal-Afrikaanse
Republiek
69%
Qatar
69%
Bhutan
69%
Mauritanië
69%
Guatemala
68%
Oeganda
68%
Nicaragua
67%
Papoea-Nieuw-Guinea
67%
Guinee
67%
Lesotho
67%
El Salvador
67%
Jamaica
67%
Gambia
66%
Dominicaanse Republiek
66%
Togo
66%
Singapore
66%
Kirgizië
66%
Libanon
66%
Benin
65%
Belize
65%
Rwanda
65%
Fiji
65%
Eritrea
64%
Malawi
64%
Burkina Faso
64%
Swaziland
64%
Bahama's
64%
Tadzjikistan
64%
Koeweit
63%
Kaapverdië
62%
Liberia
62%
Bahrein
61%
Gabon
61%
Burundi
60%
Mauritius
60%
Maldiven
60%
Sierra Leone
59%
Seychellen
59%
Djibouti
58%
Brunei
57%
Guinee-Bissau
57%
Oost-Timor
56%
Micronesia
56%
Barbados
56%
Trinidad en Tobago
55%
Comoren
55%
Tuvalu
54%
Palau
54%
Marshalleilanden
54%
Salomonseilanden
54%
Saint Kitts en Nevis
54%
Saint Lucia
54%
Kiribati
53%
Equatoriaal-Guinea
53%
Saint Vincent en de
Grenadines
52%
Vanuatu
52%
Tonga
52%
Nauru
51%
Samoa
51%
Grenada
51%
Antigua en Barbuda
50%
Sao Tomé en Principe
50%

Scoreverdeling

Percentiel versus Aantal Correcte Antwoorden

Procent van Mensen met Elke Score

Uw Scoregeschiedenis

U heeft deze quiz nog niet genomen